000 00604nam a2200241Ia 4500
003 OSt
005 20221005062331.0
006 a|||||r|||| 00| 0
007 ta
008 221004b |||||||| |||| 00| 0 eng d
024 _a71740
037 _cTextual
040 _aCRL
_cCRL
_beng
041 _2eng
_aeng
082 _aY222:4, N5
100 _aJain Mukti
_9601731
245 0 _aWho's fit to be a parent
260 _aLondon
_bRoutledge UK
_c1995
300 _aix,311p
_ccm.
650 _aSOCIOLOGY
942 _hY222:4, N5
_cTEXL
_2cc
999 _c969557
_d969557